000 02012nam0a2200313 4500
001 RU\NLR\BIBL_A\022594034
005 20260420051505.0
010 _a978-5-8290-2245-7
_9500
021 _aRU
_bКН-П-25-034103
_9КН-П-25-3371
035 _a(NLR Aleph) 022594034
090 _a13679942
_c13679942
100 _a20250731d2025 u y0rusy50 ca
101 0 _arus
102 _aRU
105 _aa j 000yy
181 0 _ai3
_baxxe
182 0 _an
200 1 _aИсторическая грамматика русского языка
_eучебно-методическое пособие
_eдля студентов высших учебных заведений, обучающихся по направлениям 44.03.05 Педагогическое образование (с двумя профилями подготовки), профиль "Русский язык и литература" и 44.03.01 Педагогическое образование с профилями "Русский язык", "Литература", "Русский язык как иностранный"
_fТ. Е. Лебедева
_g[Ленинградский государственный университет им. А. С. Пушкина]
203 _aТекст
_bвизуальный
_cнепосредственный
210 _aСанкт-Петербург
_cЛГУ им. А. С. Пушкина
_d2025
215 _a87 с.
_cил.
_d21
320 _aБиблиогр.: с. 83-87 (50 назв.) и в подстроч. примеч.
606 1 _aРусский язык
_jУчебно-методические пособия для высших учебных заведений
_xИстория
_91511577
_3RU\NLR\AUTH\66656247
686 1 _aШ141.12-923-0
700 1 _7ca
_8rus
_aЛебедева
_bТ. Е.
_cканд. филол. наук
_gТатьяна Евгеньевна
_962285
_3RU\NLR\AUTH\7779357
942 _cBOOK
980 _aNB